Evaluación de las concepciones de género de los/as defensores/as penales públicos

Αποθηκεύτηκε σε:
Λεπτομέρειες βιβλιογραφικής εγγραφής
Συγγραφή απο Οργανισμό/Αρχή: Centro de Documentación Defensoría Penal Pública (Συγγραφέας)
Μορφή: Βιβλίο
Γλώσσα:Ισπανικά
Έκδοση: Santiago Centro de Documentación Defensoría Penal Pública 2009
Σειρά:Estudios y Capacitación, 6
Θέματα:
Ετικέτες: Προσθήκη ετικέτας
Δεν υπάρχουν, Καταχωρήστε ετικέτα πρώτοι!

MARC

LEADER 00000cam a2200000 a 4500
001 UCG2614
003 CL-VaPUC
008 100715e20091000CL |||||||||||||||||spa|d
020 |a 9789568349219 
082 0 4 |a 345.8305  |b CEN  |2 21 
110 2 |a Centro de Documentación Defensoría Penal Pública  |e author  |9 551104 
245 1 0 |a Evaluación de las concepciones de género de los/as defensores/as penales públicos 
300 |a 277 p 
942 |c BK 
945 |d 20100715 00:00:00  |a mfarfan 
260 |a Santiago  |b Centro de Documentación Defensoría Penal Pública  |c 2009 
650 7 |a IGUALDAD DE GENEROS  |2 CL-VaPUC  |9 551105 
650 0 |a Derecho procesal penal   |9 256392 
650 7 |a PRISIONERAS  |2 CL-VaPUC  |9 551106 
651 7 |a CHILE  |2 CL-VaPUC  |9 551107 
583 |a last modification  |c 20170529 09:49:07  |k Rodrigo Vera 
490 0 |a Estudios y Capacitación, 6 
999 |c 341744  |d 341742 
952 |0 0  |1 0  |4 0  |6 345_830500000000000_CEN_2009  |7 0  |8 A  |9 437444  |a BIBDER  |b BIBDER  |d 2019-11-22  |i 4695313  |o 345.8305 CEN 2009  |p 4695313  |r 2023-01-25  |w 2019-11-22  |y BK  |k DER 
952 |0 0  |1 0  |4 0  |6 345_830500000000000_CEN_2009  |7 0  |8 A  |9 437445  |a BIBDER  |b BIBDER  |d 2019-11-22  |i 4695321  |o 345.8305 CEN 2009  |p 4695321  |r 2023-01-25  |w 2019-11-22  |y BK  |k DER 
952 |0 0  |1 0  |3 erb  |4 0  |6 345_830500000000000_CEN_2009  |7 0  |8 A  |9 437446  |a BIBDER  |b BIBDER  |i 539306K  |o 345.8305 CEN 2009  |p 539306K  |r 2023-01-25  |w 2019-11-22  |y BK  |z Catalogado en:20170602  |k DER